| 000 | 00677nam a2200301Ia 4500 | ||
|---|---|---|---|
| 005 | 20260401122144.0 | ||
| 008 | 008 250103s9999 xx 000 0 eng d | ||
| 020 | _a143029894 | ||
| 037 | _aTB | ||
| 040 | _aEDL | ||
| 040 | _beng | ||
| 040 | _cEDL | ||
| 041 | _2eng | ||
| 041 | _aeng | ||
| 084 | _a954.01 THA | ||
| 084 | _qEDL | ||
| 100 | _aThapar, Romila | ||
| 245 | 0 | _aPenguin History of Early India: From the Origins to AD 1300 | |
| 245 | 0 | _cThapar, Romila | |
| 260 | _aNew Delhi | ||
| 260 | _bPenguin Books | ||
| 260 | _c2002 | ||
| 300 | _a555p | ||
| 942 | _cTB | ||
| 942 | _h954.01 THA | ||
| 999 |
_c1845317 _d1845317 |
||